| 000 | 00423nam a22001817a 4500 | ||
|---|---|---|---|
| 003 | MPLRDC | ||
| 005 | 20220104180601.0 | ||
| 008 | 210129b ||||| |||| 00| 0 eng d | ||
| 020 | _a967-925-038-5 | ||
| 082 | _a524.9561 ROW 1986 | ||
| 100 | _aH.G.Q. ROWETT | ||
| 245 |
_aPANDUAN PEMBELAHAN _c |
||
| 250 | _a再版 | ||
| 260 |
_a _bHEINEMANN S/D _c1986 |
||
| 300 | _b平 | ||
| 650 | _a | ||
| 942 |
_cBK _o524.9561 ROW 1986 |
||
| 999 |
_c60997 _d60987 |
||